| 000 | 01904nam a2200577 a 4500 | ||
|---|---|---|---|
| 001 | 22524 | ||
| 003 | SK-KTurca | ||
| 005 | 20260331145457.0 | ||
| 008 | 180809s2010 xo oa d 000 1 slo | ||
| 015 | _aSNBA2011/07-03723 | ||
| 020 |
_a9788081140501 _q(viaz.) |
||
| 035 | _aD235B00B-9889-4B17-95C4-567A90BF4247 | ||
| 035 | _aurn:nbn:sk:snk-amkw2c | ||
| 035 | _aurn:nbn:sk:snk-am001se1 | ||
| 040 |
_aVTHK _bslo _cVTHK _dSNK _eAACR2 |
||
| 041 | 0 | _aslo | |
| 043 | _ama----- | ||
| 044 |
_axo _cSK |
||
| 072 | 7 |
_a316.3 _xGlobálne spoločnosti. Sociálna štruktúra. Sociálne skupiny _2konspekt |
|
| 072 | 7 |
_a316.7 _xSociológia kultúry. Kultúrny život _2konspekt |
|
| 080 |
_a316.72/.75 _22001 |
||
| 080 |
_a(=411.21) _22001 |
||
| 080 |
_a2-67 _22001 |
||
| 080 |
_a930.85 _22001 |
||
| 080 |
_a(5-15) _22001 |
||
| 080 |
_a(6-17) _22001 |
||
| 080 |
_a(035) _22001 |
||
| 100 | 1 |
_aKhidayer, Emíre, _d1971- _4ill |
|
| 245 | 1 | 0 |
_aŽivot po arabsky _cEmíre Khidayer ; [fotografie Edgar Jarúnek, Emíre Khidayer, Richard Randík ; ilustrovala Emíre Khidaye] |
| 250 | _a1. vyd. | ||
| 260 |
_aBratislava _bMarenčín PT _c2010 |
||
| 300 |
_a323 s. _bfotogr. _c21 cm |
||
| 650 | 0 | 7 |
_aArabi _2SNKPH |
| 650 | 0 | 7 |
_akultúrne dejiny _2SNKPH |
| 650 | 0 | 7 |
_akultúra a spoločnosť _2SNKPH |
| 650 | 0 | 7 |
_anáboženstvo a spoločnosť _2SNKPH |
| 650 | 0 | 7 |
_aArabs _2SNKPHeng |
| 650 | 0 | 7 |
_aCultural history _2SNKPHeng |
| 650 | 0 | 7 |
_aCulture and society _2SNKPHeng |
| 650 | 0 | 7 |
_aReligion and society _2SNKPHeng |
| 651 | 7 |
_aarabské krajiny _2SNKPH |
|
| 655 | 7 |
_apríručky _2SNKPH |
|
| 655 | 7 |
_aHandbooks, manuals, etc _2SNKPHeng |
|
| 700 | 1 |
_aJarúnek, Edgar _4pht |
|
| 700 | 1 |
_aRandík, Richard _4pht |
|
| 942 |
_2ddc _cKLDO _n0 |
||
| 980 | _a316.72/.75(=411.21):930.85:2-67 | ||
| 980 | _a930.85(5-15+6-15) | ||
| 980 | _a2-67 | ||
| 999 |
_c22524 _d22524 |
||